Sports en image par lettre - B - Statistiques

Statistiques générales
  • Ce quiz a été pris 165 fois
  • Le résultat moyen est 13 sur 16
Statistiques - réponses
Par images Réponse % Correct
Basketball
100%
Babyfoot
99%
Baseball
99%
Bowling
99%
Boxe
99%
Beach volley
98%
Badminton
97%
Billard
97%
Bras de fer
94%
Breakdance
87%
BMX
86%
Bobsleigh
84%
Boomerang
72%
Ball trap
35%
Boccia
22%
Bourle
0%
Aucun quiz correspondant
Distribution des résultats
% des personnes avec chaque résultat
Percentile par nombre de réponses
Votre historique - résultats
Vous n’avez pas pris ce quiz